[Event "Mlada Boleslav Region-ch U20"]
[Site "Mlada Boleslav"]
[Date "2012.06.24"]
[Round "5"]
[White "Plechata, Pavel"]
[Black "Beer, Milos"]
[Result "1-0"]
[WhiteElo "1250"]
[BlackElo "1250"]
[PlyCount "139"]
[EventDate "2012.06.23"]
[EventType "swiss"]
[EventRounds "7"]
[EventCountry "CZE"]
[SourceTitle "EXT 2014"]
[Source "ChessBase"]
[SourceDate "2013.11.20"]
[SourceVersion "1"]
[SourceVersionDate "2013.11.20"]
[SourceQuality "1"]

1. e4 e5 2. Nf3 Nc6 3. g3 Nf6 4. Nc3 Bb4 5. Bg2 0-0 6. 0-0 d6 7. h3 Bxc3 8. dxc3 Nxe4 9. Nxe5 Nxe5 10. Bxe4 Bxh3 11. Re1 Bg4 12. f3 Be6 13. Bf4 c6 14. Kf2 Qb6+ 15. Kg2 Qc7 16. Rh1 h6 17. Bxe5 dxe5 18. Qe2 Rad8 19. b3 Bd5 20. Bd3 Rfe8 21. c4 Be6 22. Qe4 f5 23. Qh4 Rd4 24. Qh5 Rf8 25. Qg6 Qf7 26. Qxf7+ Rxf7 27. Rae1 e4 28. fxe4 f4 29. Kf3 fxg3+ 30. Kxg3 Rdd7 31. Ref1 Rf6 32. Rxf6 gxf6 33. Rxh6 Rg7+ 34. Kf4 Rg4+ 35. Kf3 Kg7 36. Rh2 Kg6 37. e5+ Kg5 38. exf6 Kxf6 39. Rh6+ Ke7 40. Rh7+ Kd6 41. Rxb7 Ke5 42. Re7 Rf4+ 43. Kg3 Rg4+ 44. Kf3 Rf4+ 45. Ke3 Rh4 46. Rxa7 Rh3+ 47. Kd2 Kd4 48. c3+ Ke5 49. Ra5+ Kf4 50. Ra6 Rh2+ 51. Be2 Bg4 52. Rxc6 Rxe2+ 53. Kd3 Re3+ 54. Kd4 Re4+ 55. Kc5 Re5+ 56. Kb4 Bd7 57. Rf6+ Ke4 58. Rd6 Be8 59. Rd4+ Kf5 60. Rd5 Rxd5 61. cxd5 Ke5 62. Kc5 Bd7 63. b4 Bc8 64. a4 Bb7 65. d6 Ke6 66. b5 Kd7 67. a5 Ba8 68. a6 Kd8 69. b6 Bf3 70. b7 1-0

[Event "Mlada Boleslav Region-ch U20"]
[Site "Mlada Boleslav"]
[Date "2012.06.23"]
[Round "3"]
[White "Tymalova, Marie"]
[Black "Beer, Milos"]
[Result "0-1"]
[WhiteElo "1100"]
[BlackElo "1250"]
[PlyCount "92"]
[EventDate "2012.06.23"]
[EventType "swiss"]
[EventRounds "7"]
[EventCountry "CZE"]
[SourceTitle "EXT 2014"]
[Source "ChessBase"]
[SourceDate "2013.11.20"]
[SourceVersion "1"]
[SourceVersionDate "2013.11.20"]
[SourceQuality "1"]

1. e4 e5 2. Nf3 Nc6 3. Nc3 Nf6 4. Bc4 Bb4 5. 0-0 0-0 6. d3 Bxc3 7. bxc3 d6 8. d4 exd4 9. cxd4 Bg4 10. Be2 Nxe4 11. h3 Bh5 12. d5 Ne5 13. Nxe5 Bxe2 14. Qxe2 Nc3 15. Qe3 Nxd5 16. Qe4 dxe5 17. Qxe5 c6 18. Bb2 f6 19. Qg3 Qe8 20. Rfe1 Qd7 21. c4 Nb6 22. Qb3 Kh8 23. c5 Nd5 24. Re4 Rfe8 25. Rh4 Re7 26. Qc2 h6 27. Qg6 Qe8 28. Qb1 b6 29. cxb6 axb6 30. Bc1 b5 31. Bxh6 gxh6 32. Qf5 Qg8 33. Rxh6+ Rh7 34. Rg6 Qf7 35. Rd1 Ne7 36. Qxf6+ Qxf6 37. Rxf6 Rxa2 38. Re6 Rf7 39. Rd8+ Kg7 40. Re3 Raxf2 41. Rg3+ Kh7 42. Kh2 Nf5 43. Rg4 Ne3 44. Rh4+ Kg7 45. Kg1 Rxg2+ 46. Kh1 Rf1# 0-1